000 00379nam a22001097a 4500
050 _a(The) LB 2833.2
_b.M85 2023
100 _aMuia Joyce Mutio
245 _aMotivational factors influencing teachers retention in public secondary schools in Kathonzweni sub-cou Makueni county Kenyanty
300 _a64p.
650 _bMotivation
_vTeachers motivation in schools
942 _2lcc
_cTHE
999 _c18773
_d18773